| 000 | 00559nam a22001697a 4500 | ||
|---|---|---|---|
| 003 | SISC | ||
| 005 | 20160819161757.0 | ||
| 008 | 141008b xxu||||| |||| 00| 0 eng d | ||
| 050 |
_aGT 3405 _b.W923 2011 |
||
| 100 | _aWrathall, Jeff. | ||
| 245 |
_aEvent management : _btheory and practice / _cJeff Wrathall and Abby Gee. |
||
| 260 |
_aNorth Ryde, NSW : _bMcGraw-Hill Australia, _c2011. |
||
| 300 |
_av, 116 pages : _c25 cm. |
||
| 500 | _aIncludes glossary and index. | ||
| 650 |
_aSpecial events _xManagement _xProblems, exercises, etc. |
||
| 942 |
_2lcc _cBK _kFOR |
||
| 999 |
_c276032 _d276032 |
||